000
00211 a2200097 4500
001
45289
100
_a
Jagger E.T
245
_a
Wings in motion
260
_a
London
_b
Sir ISAAC pitman
_c
090
_c
28470
_d
28470
942
_a
NUST-CAE
_c
M
_c
20525
999
_c
280362
_d
280362